00369pab a2200121 454500008004000000100002100040245005500061260000900116300001200125362000800137650003500145773006700180180718b1997 xxu||||| |||| 00| 0 eng d aFeldman, Shelley aNGOs and civil society: (un) stated contradictions c1997 ap.46-65 aNov aNon governmental organizations aAnnals of the American Academy of Political and Social Science